Ordering a la carte (Record no. 65184)
[ view plain ]
| 000 -LEADER | |
|---|---|
| fixed length control field | 01103cam a2200217 4500 |
| 001 - CONTROL NUMBER | |
| control field | ABS62986 |
| 008 - FIXED-LENGTH DATA ELEMENTS--GENERAL INFORMATION | |
| fixed length control field | 000000n2000 000 0 eng u |
| 035 ## - SYSTEM CONTROL NUMBER | |
| System control number | (Sirsi) u109183 |
| 100 ## - MAIN ENTRY--PERSONAL NAME | |
| Personal name | Cavanagh, E. |
| 245 ## - TITLE STATEMENT | |
| Title | Ordering a la carte |
| 260 ## - PUBLICATION, DISTRIBUTION, ETC. | |
| Date of publication, distribution, etc. | 2000 |
| 490 ## - SERIES STATEMENT | |
| Series statement | Estates Gazette |
| Volume/sequential designation | (0044) 4 November 2000, 134-135(2) |
| 520 ## - SUMMARY, ETC. | |
| Summary, etc. | Looks at the current state of the restaurant market, and likely future developments. New research from Matthews & Goodman has found that agents helping restaurateurs find the right property for their business must meet an ever-longer list of professional requirements. Findings also indicate that restaurateurs are losing their enthusiasm for agents. Suggests that most operators see smaller outlets in provincial locations as the way ahead. Considers other factors likely to affect the future of the restaurant market. Graphs and diagrams. |
| 590 ## - LOCAL NOTE (RLIN) | |
| Local note | ABS |
| 650 ## - SUBJECT ADDED ENTRY--TOPICAL TERM | |
| Topical term or geographic name entry element | RESTAURANTS |
| 650 ## - SUBJECT ADDED ENTRY--TOPICAL TERM | |
| Topical term or geographic name entry element | AGENTS |
| 650 ## - SUBJECT ADDED ENTRY--TOPICAL TERM | |
| Topical term or geographic name entry element | FUTURE GROWTH |
| 650 ## - SUBJECT ADDED ENTRY--TOPICAL TERM | |
| Topical term or geographic name entry element | PROVINCIAL CENTRES |
| 690 ## - LOCAL SUBJECT ADDED ENTRY--TOPICAL TERM (OCLC, RLIN) | |
| Topical term or geographic name as entry element | PROPERTY-COMMERCIAL PROPERTY-COMMERCIAL PROPERTY MARKET |
| 942 ## - ADDED ENTRY ELEMENTS (KOHA) | |
| Suppress in OPAC | 0 |
| Withdrawn status | Lost status | Source of classification or shelving scheme | Damaged status | Not for loan | Home library | Current library | Shelving location | Date acquired | Total Checkouts | Full call number | Barcode | Date last seen | Copy number | Price effective from | Koha item type |
|---|---|---|---|---|---|---|---|---|---|---|---|---|---|---|---|
| Dewey Decimal Classification | London | London | Journal article | 07/11/2000 | ABS62986 | 109183-1001 | 06/08/2019 | 1 | 06/08/2019 | Journal article |